| 000 | 00397nam a2200181Ia 4500 | ||
|---|---|---|---|
| 003 | 0STCL | ||
| 008 | 150530s9999 xx 000 0 und d | ||
| 040 |
_aSTCL _cSTCL |
||
| 100 | _aKrishnakumar, P. | ||
| 245 | _aOttamulachi | ||
| 250 | _a1 | ||
| 260 |
_bPreethi Books; Thrissur _c1980 |
||
| 300 | _a0 | ||
| 546 | _aMalayalam | ||
| 942 |
_2ddc _cBK |
||
| 999 |
_c48301 _d48301 |
||
| 005 | 20220125170740.0 | ||